000 00716nam a2200169 i 4500
001 46449
003 ES-MaACL
005 20230906161403.0
007 t|
008 030328s1939 sp ||||1| spa d
111 2 _aCongreso Médico Militar (
_d1939.
_cCastellón de la Plana)
_9500
245 1 0 _aCongreso médico militar celebrado en Castellón de la Plana los días 9, 10 y 11 de febrero del año 1939 /
_corganizado por el Cuerpo del Ejército de Galicia y aprobado por las autoridades militares y sanitarias de Levante.
260 _aBarcelona :
_b[s.n.],
_c1939 (
_fImp. Clarasó)
300 _aLXXV, 642 p. ;
_c25 cm.
710 2 _aCuerpo del Ejército de Galicia.
_93352
852 _aES-MaACL
_jA-4924
_bR.16867
999 _c46449
_d46449